000 00527nam a22001817a 4500
003 OSt
008 251219b |||||||| |||| 00| 0 eng d
082 _a631.53
_bA25G
100 _aAgrawal, Virendra Kumar.
245 _aGenetic Variability and Interrelationship Between Yield and Its Components in Foxtail-Millet (Setaria italica (L.) Beauv)
260 _a.- Pusa, Samastipur
_b: RAU
_c, 1993
300 _a134p.
502 _bM. Sc.
650 _aPlant Breeding
650 _aThesis
650 _aM.Sc.
942 _2ddc
_cT
999 _c49549
_d49549